00329nam a2200121Ia 4500008004100000041000800041082001400049100001700063245004500080260003900125300003100164365001200195240624s9999 xx 000 0 und d aeng a629.2 OHN aOHNO TAIICHI aTOYOTA PRODUCTION SYSTEM BEYOND LARGE SC c1988aNew YorkbProductivity Press axix, : 143 : p. : cm. ; 24 cBPSb30